League of Legends Abilities and Passives - Statistics

General Stats
  • This quiz has been taken 33 times
    5 since last reset
  • The average score is 273 of 898
Answer Stats
Hint Answer % Correct
Amumu Bandage Toss
100%
Ahri Charm
100%
Amumu Curse Of The Sad Mummy
100%
Azir Emperor's Divide
100%
Ashe Enchanted Crystal Arrow
100%
Akali Five Point Strike
100%
Ahri Fox-Fire
100%
Ashe Hawkshot
100%
Alistar Headbutt
100%
Akali Perfect Execution
100%
Alistar Pulverize
100%
Akali Shuriken Flip
100%
Ahri Spirit Rush
100%
Annie Summon: Tibbers
100%
Amumu Tantrum
100%
Aatrox The Darkin Blade
100%
Alistar Trample
100%
Braum Unbreakable
100%
Alistar Unbreakable Will
100%
Ashe Volley
100%
Sylas Abduct
75%
Sylas Abscond
75%
Jayce Acceleration Gate
75%
Caitlyn Ace In The Hole
75%
Azir Arise!
75%
Akali Assassin's Mark
75%
Trundle Chomp
75%
Orianna Command: Attack
75%
Orianna Command: Protect
75%
Orianna Command: Shockwave
75%
Jhin Curtain Call
75%
Jhin Deadly Flourish
75%
Thresh Death Sentence
75%
Darius Decimate
75%
Jax Empower
75%
Soraka Equinox
75%
Anivia Frostbite
75%
Braum Glacial Fissure
75%
Gwen Hallowed Mist
75%
Darius Hemmorrhage
75%
Camille Hextech Ultimatum
75%
Sylas Hijack
75%
Annie Incinerate
75%
Aatrox Infernal Chains
75%
Sylas Kingslayer
75%
Draven League Of Draven
75%
Diana Lunar Rush
75%
Dr. Mundo Maximum Dosage
75%
Annie Molten Shield
75%
Diana Moonfall
75%
Darius Noxian Guillotine
75%
Aphelios Onslaught
75%
Hecarim Onslaught Of Shadows
75%
Ahri Orb Of Deception
75%
Cassiopeia Petrifying Gaze
75%
Brand Pillar Of Flame
75%
Neeko Pop Blossom
75%
Nidalee Pounce
75%
Blitzcrank Power Fist
75%
Ambessa Public Execution
75%
Ashe Ranger's Focus
75%
Syndra Scatter The Weak
75%
Jayce Shock Blast
75%
Kennen Slicing Maelstrom
75%
Gwen Snip Snip
75%
Morgana Soul Shackles
75%
Draven Stand Aside
75%
Trundle Subjugate
75%
Bard Tempered Fate
75%
Thresh The Box
75%
Aurora The Weirding
75%
Jayce To The Skies!
75%
Akali Twilight Shroud
75%
Aatrox Umbral Dash
75%
Tryndamere Undying Rage
75%
Syndra Unleashed Power
75%
Heimerdinger Upgrade!!!
75%
Taliyah Weaver's Wall
75%
Draven Whirling Death
75%
Braum Winter's Bite
75%
Nasus Wither
75%
Aatrox World Ender
75%
Caitlyn 90 Caliber Net
50%
Nunu Absolute Zero
50%
K'Sante All Out
50%
Twitch Ambush
50%
Darius Apprehend
50%
Nami Aqua Prison
50%
Ezreal Arcane Shift
50%
Nidalee Aspect Of The Cougar
50%
Aurelion Sol Astral Flight
50%
Xin Zhao Audacious Charge
50%
Akshan Avengerang
50%
Veigar Baleful Strike
50%
Aurora Between Worlds
50%
Morgana Black Shield
50%
Riven Blade Of The Exile
50%
Viego Blade Of The Ruined King
50%
Irelia Bladesurge
50%
Varus Blighted Quiver
50%
Teemo Blinding Dart
50%
Draven Blood Rush
50%
Rengar Bola Strike
50%
Pyke Bone Skewer
50%
Fiddlesticks Bountiful Harvest
50%
Aurelion Sol Breath of Light
50%
Riven Broken Wings
50%
Gangplank Cannon Barrage
50%
Jhin Captive Audience
50%
Bard Caretaker's Shrine
50%
Cho'Gath Carnivore
50%
Jarvan IV Cataclysm
50%
Vi Cease And Desist
50%
Kled CHAAAAAAARGE!!!
50%
Sylas Chain Lash
50%
Varus Chain Of Corruption
50%
Viktor Chaos Storm
50%
Ekko Chronobreak
50%
Zilean Chronoshift
50%
Fizz Chum The Waters
50%
Elise Cocoon
50%
Akshan Comeuppance
50%
Orianna Command: Dissonance
50%
Vayne Condemn
50%
Nunu Consume
50%
Twitch Contaminate
50%
Bard Cosmic Binding
50%
Jax Counter Strike
50%
Xin Zhao Crescent Guard
50%
Diana Crescent Strike
50%
Lee Sin Cripple
50%
Darius Crippling Strike
50%
Fiddlesticks Crowstorm
50%
Wukong Crushing Blow
50%
Renekton Cull The Meek
50%
Wukong Cyclone
50%
Ivern Daisy!
50%
Kindred Dance Of Arrows
50%
Jhin Dancing Grenade
50%
Morgana Dark Binding
50%
Thresh Dark Passage
50%
Syndra Dark Sphere
50%
Aatrox Deathbringer Stance
50%
Karthus Death Defied
50%
Pyke Death From Below
50%
Bel'Veth Death In Lavender
50%
Zed Death Mark
50%
Viktor Death Ray
50%
Shaco Deceive
50%
Sion Decimating Smash
50%
Amumu Despair
50%
Twisted Fate Destiny
50%
Renekton Dice
50%
Annie Disintegrate
50%
LeBlanc Distortion
50%
Kayle Divine Judgement
50%
Renekton Dominus
50%
Lee Sin Dragon's Rage
50%
Nami Ebb And Flow
50%
Zac Elastic Slingshot
50%
Bel'Veth Endless Banquet
50%
Ezreal Essence Flux
50%
Sett Facebreaker
50%
Yone Fate Sealed
50%
Cho'Gath Feast
50%
Xayah Featherstorm
50%
Yuumi Final Chapter
50%
Vayne Final Hour
50%
Thresh Flay
50%
Ivern Friend Of The Forest
50%
Ashe Frost Shot
50%
Trundle Frozen Domain
50%
Lissandra Frozen Tomb
50%
Corki Gatling Gun
50%
Jinx Get Excited!
50%
Sejuani Glacial Prison
50%
Anivia Glacial Storm
50%
Rakan Gleaming Quill
50%
Gnar GNAR!
50%
Dr. Mundo Goes Where He Pleases
50%
Akshan Going Rogue
50%
Fiora Grand Challenge
50%
Rakan Grand Entrance
50%
Jax Grandmaster-At-Arms
50%
Pantheon Grand Starfall
50%
Viktor Gravity Field
50%
Varus Hail Of Arrows
50%
Renata Glasc Handshake
50%
Evelynn Hate Spike
50%
Sett Haymaker
50%
Viego Heartbreaker
50%
Vladimir Hemoplague
50%
Poppy Heroic Charge
50%
Akshan Heroic Swing
50%
Galio Hero's Entrance
50%
Camille Hookshot
50%
Kai'Sa Icathian Rain
50%
Lee Sin Iron Will
50%
Shaco Jack In The Box
50%
Nidalee Javelin Toss
50%
Poppy Keeper's Verdict
50%
Riven Ki Burst
50%
Kai'Sa Killer Instinct
50%
Sett Knuckle Down
50%
Kindred Lamb's Respite
50%
Yasuo Last Breath
50%
Evelynn Last Caress
50%
Karthus Lay Waste
50%
Kha'Zix Leap
50%
Jax Leap Strike
50%
Zac Let's Bounce
50%
Lux Light Binding
50%
Lucian Lightslinger
50%
Varus Living Vengeance
50%
Fiora Lunge
50%
Bard Magical Journey
50%
Karma Mantra
50%
Cassiopeia Miasma
50%
LeBlanc Mimic
50%
Tryndamere Mocking Shout
50%
Janna Monsoon
50%
Aphelios Moonlight Vigil
50%
Ezreal Mystic Shot
50%
Gwen Needlework
50%
Malzahar Nether Grasp
50%
Elise Neurotoxin
50%
Wukong Nimbus Strike
50%
K'Sante Ntofo Strikes
50%
Mordekaiser Obliterate
50%
Ekko Parallel Convergence
50%
Nocturne Paranoia
50%
Gangplank Parrrley
50%
Sejuani Permafrost
50%
Sylas Petricite Burst
50%
Aphelios Phase
50%
Corki Phosphorus Bomb
50%
Twisted Fate Pick A Card
50%
Varus Piercing Arrow
50%
Lucian Piercing Light
50%
Trundle Pillar Of Ice
50%
Caitlyn Piltover Peacemaker
50%
Gangplank Powder Keg
50%
Nidalee Primal Surge
50%
Veigar Primordial Burst
50%
Brand Pyroclasm
50%
Annie Pyromania
50%
Olaf Ragnarok
50%
Hecarim Rampage
50%
Elise Rappel
50%
Mordekaiser Realm of Death
50%
Ryze Realm Warp
50%
Fiddlesticks Reap
50%
Anivia Rebirth
50%
Lucian Relentless Pursuit
50%
Kalista Rend
50%
Karthus Requiem
50%
Lee Sin Resonating Strike
50%
Kassadin Riftwalk
50%
Fiora Riposte
50%
Nautilus Riptide
50%
Blitzcrank Rocket Grab
50%
Tristana Rocket Jump
50%
Ryze Rune Prison
50%
Riven Runic Blade
50%
Cho'Gath Rupture
50%
Lee Sin Safeguard
50%
Vladimir Sanguine Pool
50%
Brand Sear
50%
Kai'Sa Second Skin
50%
Talon Shadow Assault
50%
Azir Shifting Sands
50%
Sett Showstopper
50%
LeBlanc Sigil Of Malice
50%
Vayne Silver Bolts
50%
Nasus Siphoning Strike
50%
Renekton Slice
50%
Leona Solar Flare
50%
Lee Sin Sonic Wave
50%
Elise Spider Queen
50%
Draven Spinning Axe
50%
Twitch Spray And Pray
50%
Twisted Fate Stacked Deck
50%
Braum Stand Behind Me
50%
Shen Stand United
50%
Soraka Starcall
50%
Blitzcrank Static Field
50%
Poppy Steadfast Presence
50%
Kai'Sa Supercharge
50%
Jinx Super Mega Death Rocket!
50%
Qiyana Supreme Display Of Talent
50%
Lillia Swirlseed
50%
Nidalee Takedown
50%
Neeko Tangle-Barbs
50%
Kha'Zix Taste Their Fear
50%
Lee Sin Tempest
50%
Fiddlesticks Terrify
50%
Lucian The Culling
50%
Rumble The Equalizer
50%
Rakan The Quickness
50%
Aurelion Sol The Skies Descend
50%
Gwen Thousand Cuts
50%
Xin Zhao Three Talon Strike
50%
Rengar Thrill Of The Hunt
50%
Volibear Thundering Smash
50%
Nami Tidal Wave
50%
Nami Tidecaller's Blessing
50%
Zilean Time Bomb
50%
Ekko Timewinder
50%
Tahm Kench Tongue Lash
50%
Fizz Trickster
50%
Ezreal Trueshot Barrage
50%
Vayne Tumble
50%
Cassiopeia Twin Fang
50%
Kayn Umbral Trespass
50%
Taliyah Unraveled Earth
50%
Rengar Unseen Predator
50%
Malphite Unstoppable Force
50%
Corki Valkyrie
50%
Riven Valor
50%
Quinn Vault
50%
Vi Vault Breaker
50%
Kha'Zix Void Assault
50%
Kai'Sa Void Seeker
50%
Kha'Zix Void Spike
50%
Karthus Wall Of Pain
50%
Wukong Warrior Trickster
50%
Twisted Fate Wild Cards
50%
Xin Zhao Wind Becomes Lightning
50%
Riven Wind Slash
50%
Galio Winds Of War
50%
Yasuo Wind Wall
50%
Soraka Wish
50%
Caitlyn Yordle Snap Trap
50%
Jinx Zap!
50%
Ekko Z-Drive Resonance
50%
Leona Zenith Blade
50%
Janna Zephyr
50%
Bel'Veth Above And Below
25%
Senna Absolution
25%
Tahm Kench Abyssal Dive
25%
Aurora Across the Veil
25%
Camille Adaptive Defenses
25%
Pantheon Aegis Assault
25%
Fiddlesticks A Harmless Scarecrow
25%
Evelynn Allure
25%
Master Yi Alpha Strike
25%
Tahm Kench An Acquired Taste
25%
Nilah Apotheosis
25%
Ryze Arcane Mastery
25%
Xerath Arcanopulse
25%
Lucian Ardent Blaze
25%
Talon Assassin's Path
25%
Qiyana Audacity
25%
Shaco Backstab
25%
Renata Glasc Bailout
25%
Gragas Barrel Roll
25%
Taric Bastion
25%
Rakan Battle Dance
25%
Tryndamere Battle Fury
25%
Kled Beartrap On A Rope
25%
Quinn Behind Enemy Lines
25%
Ornn Bellows Breath
25%
Nunu Biggest Snowball Ever!
25%
Kog'Maw Bio-Arcane Barrage
25%
Xayah Bladecaller
25%
Kayn Blade's Reach
25%
Fiora Bladework
25%
Brand Blaze
25%
Udyr Blazing Stampede
25%
Gragas Body Slam
25%
Sivir Boomerang Blade
25%
Gnar Boulder Toss
25%
Maokai Bramble Smash
25%
Milio Breath of Life
25%
Ivern Brushmaker
25%
Miss Fortune Bullet Time
25%
Shyvana Burnout
25%
Rek'Sai Burrow
25%
Nidalee Bushwack
25%
Tristana Buster Shot
25%
Ornn Call Of The Forge God
25%
Kog'Maw Caustic Spittle
25%
Briar Certain Death
25%
Briar Chilling Scream
25%
Xayah Clean Cuts
25%
Orianna Clockwork Windup
25%
Graves Collateral Damage
25%
Galio Colossal Smash
25%
Pantheon Comet Spear
25%
Braum Concussive Blows
25%
Brand Conflagration
25%
Zed Contempt For The Weak
25%
Taric Cosmic Radiance
25%
Garen Courage
25%
Sona Crescendo
25%
Gnar Crunch
25%
Anivia Crystallize
25%
Amumu Cursed Touch
25%
Veigar Dark Matter
25%
K'Sante Dauntless Instinct
25%
Senna Dawning Shadow
25%
Taric Dazzle
25%
Xayah Deadly Plumage
25%
Katarina Death Lotus
25%
Mordekaiser Death's Grasp
25%
Garen Decisive Strike
25%
Irelia Defiant Dance
25%
Karthus Defile
25%
Garen Demacian Justice
25%
Jarvan IV Demacian Standard
25%
Swain Demonic Ascension
25%
Evelynn Demon Shade
25%
Vi Denting Blows
25%
Nautilus Depth Charge
25%
Xin Zhao Determination
25%
Tahm Kench Devour
25%
Akshan Dirty Fighting
25%
Urgot Disdain
25%
Vex Doom N Gloom
25%
Xayah Double Daggers
25%
Master Yi Double Strike
25%
Miss Fortune Double Up
25%
Smolder Dragon Practice
25%
Shyvana Dragon's Descent
25%
Jarvan IV Dragon Strike
25%
Tristana Draw A Bead
25%
Nautilus Dredge Line
25%
Fiora Duelist's Dance
25%
Nocturne Duskbringer
25%
Aphelios Duskwave
25%
Leona Eclipse
25%
Qiyana Edge Of Ixtal
25%
Rumble Electro-Harpoon
25%
Evelynn Empowered Whiplash
25%
Seraphine Encore
25%
Ahri Essence Theft
25%
LeBlanc Ethereal Chains
25%
Yorick Eulogy Of The Isles
25%
Veigar Event Horizon
25%
Gragas Explosive Cask
25%
Tristana Explosive Charge
25%
Aurelion Sol Falling Star
25%
Kalista Fate's Call
25%
Urgot Fear Beyond Death
25%
Cho'Gath Feral Scream
25%
Lux Final Spark
25%
Samira Flair
25%
Jinx Flame Chompers!
25%
Rumble Flamespitter
25%
Anivia Flash Frost
25%
Singed Fling
25%
Lee Sin Flurry
25%
K'Sante Footwork
25%
Syndra Force Of Will
25%
Volibear Frenzied Maul
25%
Rek'Sai Furious Bite
25%
Nasus Fury Of The Sands
25%
Lulu Glitterlance
25%
Viktor Glorious Evolution
25%
Jarvan IV Golden Aegis
25%
Malphite Granite Shield
25%
Teemo Guerrilla Warfare
25%
Shaco Hallucinate
25%
Poppy Hammer Shock
25%
Gragas Happy Hour
25%
Viego Harrowed Path
25%
Caitlyn Headshot
25%
Corki Hextech Munitions
25%
Master Yi Highlander
25%
Seraphine High Note
25%
Gnar Hop
25%
Renata Glasc Hostile Takeover
25%
Janna Howling Gale
25%
Elise Human Form
25%
Kog'Maw Icathian Surprise
25%
Lissandra Ice Shard
25%
Lux Illumination
25%
Skarner Impale
25%
Mordekaiser Indestructible
25%
Dr. Mundo Infected Bonesaw
25%
Samira Inferno Trigger
25%
Warwick Infinite Duress
25%
Karma Inner Flame
25%
Singed Insanity Potion
25%
Karma Inspire
25%
Irelia Ionian Fervor
25%
Poppy Iron Ambassador
25%
Udyr Iron Mantle
25%
Warwick Jaws Of The Beast
25%
Kled Jousting
25%
Rumble Junkyard Titan
25%
Galio Justice Punch
25%
Trundle King's Tribute
25%
Ambessa Lacerate
25%
Illaoi Leap Of Faith
25%
Vel'Koz Life Form Disintegration Ray
25%
Zeri Lightning Crash
25%
Lillia Lilting Lullaby
25%
Kog'Maw Living Artillery
25%
Ornn Living Forge
25%
Zed Living Shadow
25%
Twisted Fate Loaded Dice
25%
Miss Fortune Love Tap
25%
Renata Glasc Loyalty Program
25%
Lux Lucent Singularity
25%
Rell Magnet Storm
25%
Miss Fortune Make It Rain
25%
Malzahar Malefic Visions
25%
Blitzcrank Mana Barrier
25%
Kindred Mark Of The Kindred
25%
Jarvan IV Martial Cadence
25%
Kalista Martial Poise
25%
Master Yi Meditate
25%
Ziggs Mega Inferno Bomb
25%
Corki Missile Barrage
25%
Diana Moonsilver Blade
25%
Yone Mortal Steel
25%
Pantheon Mortal Will
25%
Kindred Mounting Dread
25%
Maokai Nature's Grasp
25%
Kassadin Nether Blade
25%
Swain Nevermove
25%
Fizz Nimble Fighter
25%
Cassiopeia Noxious Blast
25%
Teemo Noxious Trap
25%
Sivir On The Hunt
25%
Blitzcrank Overdrive
25%
Ryze Overload
25%
Zoe Paddle Star
25%
K'Sante Path Maker
25%
Garen Perseverance
25%
Pyke Phantom Undertow
25%
Ekko Phase Dive
25%
Kalista Pierce
25%
Senna Piercing Darkness
25%
Sett Pit Grit
25%
Fizz Playful
25%
Singed Poison Trail
25%
Zoe Portal Jump
25%
Rammus Powerball
25%
Camille Precision Protocol
25%
Katarina Preparation
25%
Nidalee Prowl
25%
Yuumi Prowling Projectile
25%
Rek'Sai Queen's Wrath
25%
Gnar Rage Gene
25%
Talon Rake
25%
Tristana Rapid Fire
25%
Zed Razor Shuriken
25%
Kayn Reaping Slash
25%
Tahm Kench Regurgitate
25%
Gangplank Remove Scurvy
25%
Sivir Ricochet
25%
Lissandra Ring Of Frost
25%
Ezreal Rising Spell Force
25%
Xerath Rite Of The Arcane
25%
Taliyah Rock Surfing
25%
Renekton Ruthless Predator
25%
Maokai Sapling Toss
25%
Maokai Sap Magic
25%
Ziggs Satchel Charge
25%
Rumble Scrap Shield
25%
Ornn Searing Charge
25%
Malphite Seismic Shard
25%
Taliyah Seismic Shove
25%
Aphelios Sentry
25%
Cassiopeia Serpentine's Grace
25%
Shen Shadow Dash
25%
Zed Shadow Slash
25%
Kayn Shadow Step
25%
Vex Shadow Surge
25%
Neeko Shapesplitter
25%
Rell Shattering Strike
25%
Galio Shield Of Durand
25%
Pantheon Shield Vault
25%
Xerath Shocking Orb
25%
Nocturne Shroud Of Darkness
25%
Katarina Shunpo
25%
Azir Shurima's Legacy
25%
Aurelion Sol Singularity
25%
Gwen Skip N Slash
25%
Volibear Skysplitter
25%
Quinn Skystrike
25%
Graves Smokescreen
25%
Nunu Snowball Barrage
25%
Rammus Soaring Slam
25%
Sion Soul Furnace
25%
Morgana Soul Siphon
25%
Yone Soul Unbound
25%
Ryze Spell Flux
25%
Sivir Spell Shield
25%
Elise Spider Form
25%
Rammus Spiked Shell
25%
Hwei Spiraling Despair
25%
Aurora Spirit Abjuration
25%
Nasus Spirit Fire
25%
Yasuo Steel Tempest
25%
Wukong Stone Skin
25%
Volibear Stormbringer
25%
Zyra Stranglethorns
25%
Zac Stretching Strikes
25%
Miss Fortune Strut
25%
Ambessa Sundering Slam
25%
Nidalee Swipe
25%
Jinx Switcheroo!
25%
Janna Tailwind
25%
Illaoi Tentacle Smash
25%
Naafiri The Call of the Pack
25%
Kayn The Darkin Scythe
25%
Tahm Kench Thick Skin
25%
Taliyah Threaded Volley
25%
Kennen Thundering Shuriken
25%
Vladimir Tides Of Blood
25%
Nautilus Titan's Wrath
25%
Jayce Transform Mercury Cannon
25%
Jayce Transform Mercury Hammer
25%
Vladimir Transfusion
25%
Gangplank Trial By Fire
25%
Alistar Triumphant Roar
25%
Rek'Sai Tunnel
25%
Shen Twilight Assault
25%
Shyvana Twin Bite
25%
Maokai Twisted Advance
25%
Aurora Twofold Hex
25%
Shaco Two-Shiv Poison
25%
Zeri Ultrashock Laser
25%
Rek'Sai Unburrow
25%
Olaf Undertow
25%
Kha'Zix Unseen Threat
25%
Zac Unstable Matter
25%
Sion Unstoppable Onslaught
25%
Skarner Upheaval
25%
Fizz Urchin Strike
25%
Irelia Vanguard's Edge
25%
Twitch Venom Cask
25%
Kog'Maw Void Ooze
25%
Vel'Koz Void Rift
25%
Rek'Sai Void Rush
25%
Bel'Veth Void Surge
25%
Elise Volatile Spiderling
25%
Katarina Voracity
25%
Cho'Gath Vorpal Spikes
25%
Lillia Watch Out! Eep
25%
Yasuo Way Of The Wanderer
25%
Lulu Whimsy
25%
Evelynn Whiplash
25%
Jhin Whisper
25%
Lulu Wild Growth
25%
Sejuani Winter's Wrath
25%
Kindred Wolf's Frenzy
25%
Master Yi Wuju Style
25%
Yuumi You And Me!
25%
Yuumi Zoomies
25%
Smolder Achooo!
0%
Sejuani Arctic Assault
0%
Sona Aria Of Perseverance
0%
Soraka Astral Infusion
0%
Rengar Battle Roar
0%
Seraphine Beat Drop
0%
Olaf Berserker Rage
0%
Aphelios Binding Eclipse
0%
Talon Blade's End
0%
Samira Blade Whirl
0%
Vi Blast Shield
0%
Quinn Blinding Assault
0%
Briar Blood Frenzy
0%
Warwick Blood Hunt
0%
Tryndamere Bloodlust
0%
Lillia Blooming Blows
0%
Neeko Blooming Burst
0%
Dr. Mundo Blunt Force Trauma
0%
Gnar Boomerang Throw
0%
Katarina Bouncing Blades
0%
Ziggs Bouncing Bomb
0%
Taric Bravado
0%
Rell Break The Mold
0%
Udyr Bridge Between
0%
Zeri Burst Fire
0%
Nunu Call Of The Freljord
0%
Malzahar Call Of The Void
0%
Kayle Celestial Blessing
0%
Zac Cell Division
0%
Heimerdinger CH-2 Electron Storm Grenade
0%
Heimerdinger CH-3X Lightning Grenade
0%
Azir Conquering Sands
0%
Urgot Corrosive Charge
0%
Aurelion Sol Cosmic Creator
0%
Milio Cozy Campfire
0%
Briar Crimson Curse
0%
Vladimir Crimson Pact
0%
Hwei Crushing Maw
0%
Ambessa Cunning Sweep
0%
Senna Curse Of The Black Mist
0%
Thresh Damnation
0%
Samira Daredevil Impulse
0%
Naafiri Darkin Daggers
0%
Mordekaiser Darkness Rise
0%
Yorick Dark Procession
0%
Zyra Deadly Spines
0%
Twitch Deadly Venom
0%
Swain Death's Hand
0%
Rammus Defensive Ball Curl
0%
Karma Defiance
0%
Swain Demonflare
0%
Hecarim Devastating Charge
0%
Hwei Devastating Fire
0%
Kayle Divine Ascent
0%
Ambessa Drakehound's Step
0%
Lillia Dream-Laden Bough
0%
Gragas Drunken Rage
0%
Urgot Echoing Flames
0%
Kennen Electrical Surge
0%
Graves End Of The Line
0%
Warwick Eternal Hunger
0%
Naafiri Eviscerate
0%
Xerath Eye Of Destruction
0%
Janna Eye Of The Storm
0%
Yuumi Feline Friendship
0%
Rell Ferromancy Crash Down
0%
Rell Ferromancy Mount Up
0%
Rakan Fey Feathers
0%
Milio Fired Up
0%
Shyvana Flame Breath
0%
Smolder Flap, Flap, Flap
0%
Irelia Flawless Duet
0%
Hwei Fleeting Current
0%
Sivir Fleet Of Foot
0%
Karma Focused Resolve
0%
Kassadin Force Pulse
0%
Nilah Formless Blade
0%
Rammus Frenzying Taunt
0%
Rell Full Tilt
0%
Shyvana Fury Of The Dragonborn
0%
Sejuani Fury Of The North
0%
Rek'Sai Fury Of The Xer'sai
0%
Zyra Garden Of Thorns
0%
Karma Gathering Fire
0%
Hwei Gaze of the Abyss
0%
Pyke Ghostwater Dive
0%
Pyke Gift Of The Drowned Ones
0%
Lissandra Glacial Path
0%
Sion Glory In Death
0%
Zyra Grasping Roots
0%
Hwei Grim Visage
0%
Malphite Ground Slam
0%
Heimerdinger H-28G Evolution Turret
0%
Heimerdinger H-28Q Apex Turret
0%
Quinn Harrier
0%
Illaoi Harsh Lesson
0%
Briar Head Rush
0%
Dr. Mundo Heart Zapper
0%
Quinn Heightened Senses
0%
Lulu Help, Pix
0%
Ziggs Hexplosives Minefield
0%
Heimerdinger Hextech Affinity
0%
Jayce Hextech Capacitor
0%
Heimerdinger Hextech Microrockets
0%
Heimerdinger Hextech Rocket Swarm
0%
Naafiri Hounds' Pursuit
0%
Sona Hymn Of Valor
0%
Gnar Hyper
0%
Jayce Hyper Charge
0%
Lissandra Iceborn Subjugation
0%
Neeko Inherent Glamour
0%
Skarner Ixtal's Impact
0%
Nilah Joy Ending
0%
Nilah Jubilant Veil
0%
Garen Judgement
0%
Shen Ki Barrier
0%
Senna Last Embrace
0%
Yorick Last Rites
0%
Renata Glasc Leverage
0%
Jayce Lightning Field
0%
Kennen Lightning Rush
0%
Zeri Living Battery
0%
Vex Looming Darkness
0%
Xerath Mana Surge
0%
Kennen Mark Of The Storm
0%
Singed Mega Adhesive
0%
LeBlanc Mirror Image
0%
Vex Mistral Bolt
0%
Smolder MMOOOMMMM!
0%
Hwei Molten Fissure
0%
Aphelios Moonshot
0%
Zoe More Sparkles
0%
Yorick Mourning Mist
0%
Teemo Move Quick
0%
Graves New Destiny
0%
Vayne Night Hunter
0%
Talon Noxian Diplomacy
0%
Singed Noxious Slipstream
0%
Kassadin Null Sphere
0%
Vel'Koz Organic Deconstruction
0%
Diana Pale Cascade
0%
Vex Personal Space
0%
Veigar Phenomenal Evil Power
0%
Lulu Pix, Faerie Companion
0%
Vel'Koz Plasma Fission
0%
Kled Pocket Pistol
0%
Hwei Pool of Reflection
0%
Sona Power Chord
0%
Rek'Sai Prey Seeker
0%
Warwick Primal Howl
0%
Lux Prismatic Barrier
0%
Illaoi Prophet Of An Elder God
0%
Urgot Purge
0%
Graves Quickdraw
0%
Kayle Radiant Blast
0%
Zyra Rampant Growth
0%
Swain Ravenous Flock
0%
Olaf Reckless Swing
0%
Renekton Reign Of Anger
0%
Jax Relentless Assault
0%
Vi Relentless Force
0%
Karma Renewal
0%
Ambessa Repudiation
0%
Zilean Rewind
0%
Sion Roar Of The Slayer
0%
Ivern Rootcaller
0%
Bel'Veth Royal Maelstrom
0%
Qiyana Royal Privilege
0%
Soraka Salvation
0%
Rengar Savagery
0%
Fizz Seastone Trident
0%
Skarner Seismic Bastion
0%
Kalista Sentinel
0%
Hwei Severing Bolt
0%
Skarner Shattered Earth
0%
Yorick Shepherd Of Souls
0%
Leona Shield Of Daybreak
0%
Ziggs Short Fuse
0%
Hwei Signature of the Visionary
0%
Viktor Siphon Power
0%
Kled Skarrl The Cowardly Lizard
0%
Elise Skittering Frenzy
0%
Zoe Sleepy Trouble Bubble
0%
Nilah Slipstream
0%
Briar Snack Attack
0%
Sona Song Of Celerity
0%
Nasus Soul Eater
0%
Karma Soulflare
0%
Viego Sovereign's Domination
0%
Zeri Spark Surge
0%
Viego Spectral Maw
0%
Zoe Spell Thief
0%
Tryndamere Spinning Slash
0%
Yone Spirit Cleave
0%
Hecarim Spirit Of Dread
0%
Shen Spirit's Refuge
0%
Seraphine Stage Presence
0%
Nautilus Staggering Blows
0%
Kayle Starfire Spellblade
0%
Taric Starlight's Touch
0%
Hwei Stirring Lights
0%
Hwei Subject: Disaster
0%
Hwei Subject: Serenity
0%
Hwei Subject: Torment
0%
Leona Sunlight
0%
Smolder Super Scorcher Breath
0%
Nami Surging Tides
0%
Seraphine Surround Sound
0%
Yasuo Sweeping Blade
0%
Camille Tactical Sweep
0%
Vel'Koz Tectonic Disruption
0%
Qiyana Terrashape
0%
Illaoi Test Of Spirit
0%
Aphelios The Hitman And The Seer
0%
Volibear The Relentless Storm
0%
Skarner Threads of Vibration
0%
Malphite Thunderclap
0%
Jayce Thundering Blow
0%
Zilean Time In A Bottle
0%
Zilean Time Warp
0%
Morgana Tormented Shadow
0%
Olaf Tough It Out
0%
Teemo Toxic Shot
0%
Syndra Transcendent
0%
Bard Traveler's Call
0%
Ivern Triggerseed
0%
Milio Ultra Mega Fire Kick
0%
Nocturne Umbra Blades
0%
Nocturne Unspeakable Horror
0%
Elise Venemous Bite
0%
Kled Violent Tendencies
0%
Swain Vision Of Empire
0%
Malzahar Void Shift
0%
Kassadin Void Stone
0%
Malzahar Void Swarm
0%
Ornn Volcanic Rupture
0%
Gnar Wallop
0%
Milio Warm Hugs
0%
Hecarim Warpath
0%
Hwei Wash Brush
0%
Yone Way Of The Hunter
0%
Naafiri We Are More
0%
Udyr Wilding Claw
0%
Samira Wild Rush
0%
Udyr Wingborne Storm
0%
No matching quizzes found
Score Distribution
Percent of People with Each Score
Percentile by Number Answered
Your Score History
You have not taken this quiz since the last reset